Estudios culturales y comunicación: análisis, producción y consumo cultural de las políticas de identidad y el posmodernismo /
সংরক্ষণ করুন:
| প্রধান লেখক: | |
|---|---|
| অন্যান্য লেখক: | |
| বিন্যাস: | পাঠ্য |
| প্রকাশিত: |
Barcelona:
PAID_S
|
| বিষয়গুলি: | |
| ট্যাগগুলো: |
ট্যাগ যুক্ত করুন
কোনো ট্যাগ নেই, প্রথমজন হিসাবে ট্যাগ করুন!
|
MARC
| LEADER | 00000 a a2200000 04500 | ||
|---|---|---|---|
| 001 | 32656 | ||
| 003 | |||
| 040 | |||
| 020 | |a 84-493-0518-7 | ||
| 090 | |a 203308 | ||
| 100 | |a Curran, James | ||
| 245 | |a Estudios culturales y comunicación: análisis, producción y consumo cultural de las políticas de identidad y el posmodernismo / |c James Curran | ||
| 260 | |a Barcelona: |b PAID_S | ||
| 300 | |a 548 p. | ||
| 650 | |a MEDIOS DE COMUNICACION DE MASAS | ||
| 650 | |a INFLUENCIA SOCIAL | ||
| 650 | |a INVESTIGACION SOCIAL | ||
| 650 | |a TEORIA SOCIAL | ||
| 650 | |a MODELOS | ||
| 650 | |a DISCURSOS | ||
| 650 | |a IDEOLOGIAS | ||
| 650 | |a PODER POLITICO | ||
| 700 | |a Morley, David |a Walkerdine, Valerie | ||
| 999 | |c 11657 |d 11657 | ||



